| 000 | 00891cam a22002655a 4500 | ||
|---|---|---|---|
| 001 | 017039531 | ||
| 003 | OSt | ||
| 005 | 20161016145721.0 | ||
| 008 | 150126t2015 njua fr 000 0 eng d | ||
| 020 | _z9781118999486 | ||
| 040 |
_aStDuBDS _beng _cStDuBDS _epn _dEG-ScBUE |
||
| 082 | 0 | 4 |
_a657.3 _222 _bINT |
| 245 | 0 | 0 |
_aInternational financial statement analysis workbook / _bThomas R. Robinson ... [et al.] |
| 250 | _a3rd ed. | ||
| 260 |
_aHoboken : _bJohn Wiley & Sons, _cc.2015. |
||
| 300 |
_aix, 191 p. : _bill. ; _c24 cm. |
||
| 490 | 0 | _aCFA Institute investment series. | |
| 650 | 0 |
_aFinancial statements _vProblems, exercises, etc. _2BUEsh |
|
| 650 | 0 |
_aInternational business enterprises _xAccounting _vProblems, exercises, etc. _2BUEsh |
|
| 651 | _2BUEsh | ||
| 653 |
_bBUSADM _cOctober2016 |
||
| 700 | 1 | _aRobinson, Thomas R. | |
| 776 | 0 | 8 |
_iPrint version _z9781118999486 |
| 942 | _2ddc | ||
| 999 |
_c22614 _d22586 |
||